| 000 | 01192nam2a22002291 4500 | ||
|---|---|---|---|
| 001 | rc\839556 | ||
| 005 | 20250622102611.0 | ||
| 035 | _a(NLR Aleph) 006238365 | ||
| 090 |
_a6643754 _c6643754 |
||
| 100 | _a20041129d1983 |||y0rusy50 ca | ||
| 101 | 0 | _arus | |
| 102 | _aRU | ||
| 105 | _ay ||||||||| | ||
| 200 | 1 |
_a... за 1979-1982 гг. _f[Составитель Лосева Д.Б.] |
|
| 210 |
_d1983 _aБ. м. |
||
| 215 | _a134 с. | ||
| 461 | 0 |
_1001rc\839555 _12001#$aМеталлы и сплавы, применяемые в автомобилестроении$eБиблиогр. указ., сост. по материалам отеч. и зарубеж. лит...$fЦентр. науч.-техн. б-ка автомоб. пром-сти$vВып. 5 _96643746 _cМ. _d1983 _fЦентр. науч.-техн. б-ка автомоб. пром-сти _nБ. и. _oБиблиогр. указ., сост. по материалам отеч. и зарубеж. лит... _tМеталлы и сплавы, применяемые в автомобилестроении _vВып. 5 |
|
| 801 | 0 |
_aRU _bNLR _gpsbo |
|
| 801 | 1 |
_aRU _bELAR _2rusmarc |
|
| 852 |
_aNLR _bС _jК-2/2392 |
||
| 942 | _cBOOK | ||
| 980 | _aNB | ||